Guess the non-UN Country by 1 clue! #1 - Statistics

General Stats
  • This quiz has been taken 8 times
  • The average score is 6 of 10
Answer Stats
Hint Answer % Correct
This country is one of the only countries that has a map on it, which is Cyprus and this country. Kosovo
100%
this country produces more than 90% of the world's advanced microchips. Taiwan
100%
This is a island country with movements called Rapa Nui, and has the Moais. Easter Islands
67%
This country is the only one that is not in the United Nations and has a Disneyland. Hong Kong
67%
this country is only around 37~40 miles far from #4! Macao
67%
This country is known for the only yellow hammer and sickle on its flag with a white background. Transnistria
67%
The capital of EU is a part of this region country. Flanders
33%
This Country is 4 times smaller than Oceania, but only has <60,000 people! Greenland
33%
Laas Geel is a famous thing here, also known as Laasgeel Tourism. Somaliland
33%
This region country. It has a zoo that has more that 7,000 animals. It is recognized as one of the best zoos in Europe! Wallonia
33%
No matching quizzes found
Score Distribution
Percent of People with Each Score
Percentile by Number Answered
Your Score History
You have not taken this quiz